[Event "AUTO-ELITE-64"]
[Site "http://www.queenalice.com/game.php?id=135520"]
[Date "2006.12.1"]
[Round "2"]
[White "shogun"]
[Black "smurilo"]
[Result "1/2-1/2"]
[WhiteElo "2432"]
[BlackElo "2264"]

1. e4 d6 2. d4 Nf6 3. Nc3 g6 4. f4 Bg7 5. Nf3 O-O 6. Bd3 Nc6 7. e5 dxe5 8. fxe5
Nd5 9. Nxd5 Qxd5 10. c3 Bg4 11. Qe2 Rad8 12. Be4 Qd7 13. O-O f6 14. exf6 exf6
15. Bf4 Rfe8 16. Rae1 Na5 17. Qf2 Be6 18. b3 c6 19. Qg3 b6 20. Bd3 Nb7 21. Nd2
Bf7 22. Qh4 Nc5 23. Bc2 Ne6 24. Bg3 Ng5 25. Nc4 Bxc4 26. bxc4 Rxe1 27. Rxe1 Re8
28. Rxe8+ Qxe8 29. Qf4 Qe2 30. Qf2 Qe7 31. Qe1 Qxe1+ 32. Bxe1 f5 33. h4 Nf7 34.
Bg3 c5 35. Bf2 Bf8 36. Kf1 Kg7 37. Bd1 Kf6 38. g4 fxg4 39. Bxg4 Nh6 40. Bd7 Bd6
41. Ke2 Nf5 42. Kf3 h5 43. a4 g5 44. hxg5+ Kxg5 45. Ke4 Ne7 46. Be3+ Kf6 47. Be8
h4 48. Bd7 Kg6 49. Bf2 Kg5 50. Bg1 Kh5 51. Kf3 Ng8 52. Be6 Nf6 53. Be3 Kg6 54.
Bc8 Nh7 55. Kg4 Nf6+ 56. Kxh4 Ne4 57. Kg4 Nxc3 58. Bf5+ Kf7 59. Bc2 cxd4 60.
Bxd4 Ne2 61. Be3 Bc5 1/2-1/2

[Event "AUTO-ELITE-64"]
[Site "http://www.queenalice.com/game.php?id=135521"]
[Date "2006.12.1"]
[Round "2"]
[White "smurilo"]
[Black "shogun"]
[Result "1/2-1/2"]
[WhiteElo "2237"]
[BlackElo "2387"]

1. c4 Nc6 2. Nc3 e6 3. e4 Nd4 4. Nf3 c5 5. Nxd4 cxd4 6. Ne2 Nf6 7. Nxd4 Nxe4 8.
Qf3 f5 9. Bd3 Ng5 10. Qe2 Be7 11. b3 O-O 12. Bb2 Bc5 13. f4 Ne4 14. Bxe4 fxe4
15. Qxe4 d5 16. Qe5 Bd6 17. Qg5 Bxf4 18. Qxd8 Rxd8 19. Nf3 b6 20. Rc1 Bb7 21. c5
Rac8 22. cxb6 Rxc1+ 23. Bxc1 axb6 24. Kf2 d4 25. Re1 Bd5 26. d3 Bd6 27. Nxd4 Rc8
28. Be3 Bxh2 29. Rc1 Ra8 30. Rc2 Rf8+ 31. Ke2 Bg3 32. Nf3 b5 33. Bf2 Bf4 34. Be3
h5 35. Bxf4 Rxf4 36. Ng5 b4 37. Ke3 Rf5 38. Rc8+ Rf8 39. Rxf8+ Kxf8 40. g3 Ke7
41. d4 Bg2 42. Kf2 Kf6 43. Nh7+ Kg6 44. Nf8+ Kf7 45. Nd7 Be4 46. Ke3 Bb1 47. Kf4
Bxa2 48. Kg5 g6 49. Nc5 1/2-1/2

[Event "AUTO-ELITE-64"]
[Site "http://www.queenalice.com/game.php?id=135528"]
[Date "2006.12.1"]
[Round "2"]
[White "smurilo"]
[Black "chess_wizard"]
[Result "1-0"]
[WhiteElo "2233"]
[BlackElo "1746"]

1. c4 e5 2. Nc3 f5 3. e4 Nf6 4. exf5 d6 5. Bd3 Be7 6. Nf3 O-O 7. O-O Nc6 8. Bc2
a6 9. d4 exd4 10. Nxd4 Nxd4 11. Qxd4 c5 12. Qd3 Ne8 13. Re1 Bxf5 14. Qd5+ Kh8
15. Bxf5 Nc7 16. Qd3 g6 17. Be4 Bg5 18. Bxg5 1-0

[Event "AUTO-ELITE-64"]
[Site "http://www.queenalice.com/game.php?id=135529"]
[Date "2006.12.1"]
[Round "2"]
[White "chess_wizard"]
[Black "smurilo"]
[Result "0-1"]
[WhiteElo "1748"]
[BlackElo "2232"]

1. e4 d6 2. d4 Nf6 3. Nc3 g6 4. Nf3 Bg7 5. h3 O-O 6. Bg5 c6 7. Qd2 b5 8. a3 Qc7
9. Be2 Nbd7 10. Bh6 a6 11. g4 d5 12. e5 Ne4 13. Nxe4 dxe4 14. Bxg7 Kxg7 15. Ng5
c5 16. Nxe4 Bb7 0-1

[Event "AUTO-OPEN-241"]
[Site "http://www.queenalice.com/game.php?id=161951"]
[Date "2007.2.1"]
[Round "3"]
[White "smurilo"]
[Black "kqrpnb"]
[Result "1-0"]
[WhiteElo "2236"]
[BlackElo "1605"]

1. c4 e5 2. Nc3 Bb4 3. Nd5 Nc6 4. a3 Bc5 5. e3 Nf6 6. b4 Be7 7. d3 d6 8. Nf3 e4
9. dxe4 Nxe4 10. Bb2 O-O 11. Bd3 Ng5 12. Nd2 b6 13. f4 Ne6 14. f5 Ne5 15. Bxe5
dxe5 16. fxe6 fxe6 17. Nxe7+ Qxe7 18. Be4 Qf6 19. Rf1 Qh4+ 20. g3 Rxf1+ 21. Kxf1
Qf6+ 22. Kg1 Rb8 23. Qa4 1-0

[Event "AUTO-OPEN-241"]
[Site "http://www.queenalice.com/game.php?id=161952"]
[Date "2007.2.1"]
[Round "3"]
[White "kqrpnb"]
[Black "smurilo"]
[Result "0-1"]
[WhiteElo "1607"]
[BlackElo "2235"]

1. e4 d6 2. d4 Nf6 3. Nc3 g6 4. Be3 Bg7 5. Qd2 c6 6. O-O-O O-O 7. Nf3 b5 8. d5
b4 9. Ne2 Qa5 10. a3 Nxe4 11. Qxb4 Qxb4 12. axb4 cxd5 13. Rxd5 Nc6 14. b5 Nb4
15. Rd1 Bf5 16. Nfd4 Rfc8 17. Nc3 Nxc3 18. bxc3 Rxc3 19. Rd2 Be4 20. f3 Rxe3 21.
fxe4 Rxe4 22. Nc6 Nxc6 23. bxc6 Re1+ 0-1

[Event "AUTO-OPEN-245"]
[Site "http://www.queenalice.com/game.php?id=163603"]
[Date "2007.2.4"]
[Round "3"]
[White "smurilo"]
[Black "Francisco"]
[Result "1-0"]
[WhiteElo "2242"]
[BlackElo "2120"]

1. c4 c6 2. Nc3 d5 3. e3 Nf6 4. Nf3 e6 5. b3 Nbd7 6. d4 Be7 7. Bd3 O-O 8. O-O c5
9. cxd5 cxd4 10. Nxd4 Nxd5 11. Nxd5 exd5 12. Bb2 Bf6 13. Qh5 g6 14. Qxd5 Nb6 15.
Qf3 Bg7 16. Rac1 Nd5 17. Be4 Be6 18. Rc5 1-0

[Event "AUTO-OPEN-245"]
[Site "http://www.queenalice.com/game.php?id=163604"]
[Date "2007.2.4"]
[Round "3"]
[White "Francisco"]
[Black "smurilo"]
[Result "0-1"]
[WhiteElo "2111"]
[BlackElo "2286"]

1. d4 d6 2. e4 Nf6 3. Nc3 g6 4. Be2 Bg7 5. g4 c6 6. h3 b5 7. g5 Nfd7 8. a3 Bb7
9. Nf3 Nb6 10. Bf4 N8d7 11. h4 a6 12. h5 d5 13. h6 Bf8 14. exd5 cxd5 15. Ne5
Nxe5 16. Bxe5 f6 17. gxf6 exf6 18. Bg3 Kf7 19. Qd3 Nc4 20. O-O-O b4 21. axb4
Bxb4 22. Qf3 Rc8 23. Bxc4 Rxc4 24. Rd3 Qb6 25. Be5 Re8 26. Rg1 Re6 27. Ne2 Qa5
28. Kb1 Rec6 29. c3 Bf8 30. Bf4 Rb6 31. Ng3 Ra4 32. Kc2 Rxb2+ 33. Kxb2 Ra2+ 34.
Kc1 Qa4 35. Qe2 Ba3+ 0-1

[Event "AUTO-MASTER-219"]
[Site "http://www.queenalice.com/game.php?id=202300"]
[Date "2007.4.25"]
[Round "2"]
[White "mds"]
[Black "smurilo"]
[Result "0-1"]
[WhiteElo "2198"]
[BlackElo "2293"]

1. e4 d6 2. d4 Nf6 3. Nc3 g6 4. Be2 Bg7 5. h4 c5 6. dxc5 Qa5 7. Kf1 Qxc5 8. Be3
Qa5 9. h5 Nxh5 10. Bxh5 Bxc3 11. bxc3 gxh5 12. Rxh5 Qxc3 13. Ne2 Qc4 14. Qd3 Be6
15. Bd4 f6 16. Rb5 Qc6 17. Rb4 Rg8 18. Rab1 b6 19. Be3 Bxa2 20. Nd4 Qb7 21. Qb5+
Nd7 22. Ra1 Bf7 0-1

[Event "AUTO-MASTER-219"]
[Site "http://www.queenalice.com/game.php?id=202301"]
[Date "2007.4.25"]
[Round "2"]
[White "smurilo"]
[Black "mds"]
[Result "1-0"]
[WhiteElo "2302"]
[BlackElo "2154"]

1. c4 Nf6 2. Nc3 c5 3. Nf3 d5 4. cxd5 Nxd5 5. g3 Nc6 6. Bg2 Nxc3 7. bxc3 g6 8.
O-O Bg7 9. Rb1 O-O 10. Qa4 Qc7 11. d4 Bf5 12. Bf4 Qd7 13. Rbd1 cxd4 14. cxd4
Rac8 15. d5 Ne5 16. Qxd7 Nxf3+ 17. Bxf3 Bxd7 18. Rc1 Rxc1 19. Rxc1 Rc8 20. Rxc8+
Bxc8 21. e4 b5 22. g4 1-0

[Event "AUTO-MASTER-219"]
[Site "http://www.queenalice.com/game.php?id=202304"]
[Date "2007.4.25"]
[Round "2"]
[White "ENDHER"]
[Black "smurilo"]
[Result "1/2-1/2"]
[WhiteElo "2349"]
[BlackElo "2281"]

1. e4 d6 2. d4 Nf6 3. Nc3 g6 4. Bc4 Bg7 5. f4 c5 6. e5 Nfd7 7. exd6 O-O 8. dxc5
Nxc5 9. Nge2 exd6 10. Be3 Nc6 11. Qd2 Re8 12. O-O Bf5 13. Rae1 Qb6 14. Ng3 Qxb2
15. Nb5 d5 16. Nxf5 dxc4 17. Nxg7 Red8 18. Qf2 Qxb5 19. Bxc5 Kxg7 20. Rb1 Qa5
21. Rxb7 Rd5 22. Be3 Re8 23. Qf3 Re6 24. Kh1 Nd4 25. Qh3 Nf5 26. Bg1 Re1 27. Rb1
Rxf1 28. Rxf1 Rd2 29. Qf3 h5 30. Rc1 c3 31. Qe4 Qxa2 32. Qe5+ f6 33. Qxc3 Qd5
34. Qf3 Qxf3 35. gxf3 a5 36. c4 a4 37. Ra1 Nh4 38. Rxa4 Rc2 39. c5 Nxf3 40. Ra3
Nxg1 41. Kxg1 Rxc5 42. Kg2 g5 43. fxg5 fxg5 1/2-1/2

[Event "AUTO-MASTER-219"]
[Site "http://www.queenalice.com/game.php?id=202305"]
[Date "2007.4.25"]
[Round "2"]
[White "smurilo"]
[Black "ENDHER"]
[Result "1/2-1/2"]
[WhiteElo "2279"]
[BlackElo "2342"]

1. c4 e5 2. Nc3 Nf6 3. Nf3 Nc6 4. g3 d5 5. cxd5 Nxd5 6. Bg2 Nxc3 7. bxc3 e4 8.
Nd4 Nxd4 9. cxd4 Qxd4 10. Rb1 Qc4 11. a3 c6 12. O-O Be7 13. d3 exd3 14. exd3 Qa6
15. Qe2 Be6 16. Qb2 O-O-O 17. Qxg7 h5 18. Re1 Rhg8 19. Qe5 h4 20. Be3 Bd6 21.
Qf6 Rh8 22. a4 hxg3 23. fxg3 Rh5 24. Be4 Ra5 25. d4 Bc7 26. d5 cxd5 27. Bc2 Kb8
28. Rb2 Rc8 29. Reb1 b6 30. Bd2 Rc5 31. a5 Qe2 32. axb6 Bxb6 33. Rxb6+ axb6 34.
Rxb6+ Ka7 35. Rb4 R5c6 36. Qe7+ R8c7 37. Qe8 Rb6 38. Qd8 Rxb4 39. Qxc7+ Ka6 40.
Bxb4 Qe3+ 41. Kg2 Qe2+ 42. Kg1 Qe3+ 1/2-1/2

[Event "AUTO-MASTER-214"]
[Site "http://www.queenalice.com/game.php?id=203074"]
[Date "2007.4.27"]
[Round "2"]
[White "smurilo"]
[Black "CCapivara"]
[Result "1-0"]
[WhiteElo "2283"]
[BlackElo "1884"]

1. c4 e5 2. Nc3 d6 3. Nf3 f5 4. e4 Nf6 5. Bd3 f4 6. O-O Be7 7. Be2 O-O 8. d4 Bg4
9. dxe5 dxe5 10. Nxe5 Qxd1 11. Bxd1 Bxd1 12. Rxd1 Bb4 13. f3 Bxc3 14. bxc3 g5
15. h4 h6 16. g3 gxh4 17. gxf4 Na6 18. Be3 Rad8 19. Kh2 Nh5 20. f5 Kh7 21. Kh3
Rd6 22. c5 Rdd8 23. Nd7 Rh8 24. Kxh4 1-0

[Event "AUTO-MASTER-214"]
[Site "http://www.queenalice.com/game.php?id=203075"]
[Date "2007.4.27"]
[Round "2"]
[White "CCapivara"]
[Black "smurilo"]
[Result "0-1"]
[WhiteElo "1944"]
[BlackElo "2284"]

1. e4 d6 2. d4 Nf6 3. f3 c6 4. c4 g6 5. Nc3 Bg7 6. Be3 O-O 7. Qd2 a6 8. h4 b5 9.
h5 Nbd7 10. hxg6 fxg6 11. Bh6 e5 12. Bxg7 Kxg7 13. O-O-O Qe7 14. Qh6+ Kg8 15. d5
b4 16. Nb1 cxd5 17. exd5 Nc5 18. Nh3 Qc7 19. Nd2 Qa5 20. Ng5 Ra7 21. Kb1 Bf5+
22. Nde4 Bxe4+ 23. fxe4 Ng4 24. Qh4 Nf2 25. Be2 b3 26. a3 Nxh1 27. Rxh1 Rf4 28.
Bg4 h5 29. Ne6 Rxg4 30. Qf6 Rf7 0-1

[Event "AUTO-MASTER-214"]
[Site "http://www.queenalice.com/game.php?id=203076"]
[Date "2007.4.27"]
[Round "2"]
[White "smurilo"]
[Black "NinjaX"]
[Result "1-0"]
[WhiteElo "2314"]
[BlackElo "2278"]

1. c4 c5 2. Nc3 Nc6 3. Nf3 e5 4. g3 d6 5. Bg2 Be7 6. O-O Bg4 7. h3 Be6 8. d3 Qd7
9. Kh2 h5 10. Qa4 O-O-O 11. b4 cxb4 12. Nd5 h4 13. g4 Nf6 14. Ng5 Kb8 15. Nxe7
Qxe7 16. Nxe6 fxe6 17. Bxc6 bxc6 18. Qxc6 Qc7 19. Qa4 d5 20. Rb1 a5 21. Bd2 Kc8
22. cxd5 Nxd5 23. Rfc1 Nc3 24. Bxc3 bxc3 25. Qb3 e4+ 26. Kg1 1-0

[Event "AUTO-MASTER-214"]
[Site "http://www.queenalice.com/game.php?id=203077"]
[Date "2007.4.27"]
[Round "2"]
[White "NinjaX"]
[Black "smurilo"]
[Result "0-1"]
[WhiteElo "2211"]
[BlackElo "2313"]

1. e4 d6 2. d4 Nf6 3. Nc3 g6 4. Bg5 Bg7 5. f4 c6 6. Qd2 b5 7. Bd3 O-O 8. Nf3 Bg4
9. O-O Qb6 10. Ne2 Nbd7 11. Kh1 e6 12. e5 Nd5 13. exd6 Bxf3 14. Rxf3 Bxd4 15. c4
bxc4 16. Bxc4 Bf6 17. Rc1 Bxg5 18. fxg5 Ne5 19. Rh3 Rad8 20. Qe1 Nxc4 21. Qh4 h5
22. Rb3 Qa6 23. Qxc4 Qxc4 24. Rxc4 Rxd6 25. Kg1 f6 26. gxf6 Rxf6 27. Ng3 Rf4 28.
Rb8+ Kg7 29. Rb7+ Kh6 30. Re4 h4 31. Rxf4 Nxf4 32. Nf1 a5 33. Rb6 Ne2+ 34. Kf2
Nc1 35. Ne3 Rd2+ 36. Kf3 Nd3 37. Nc4 Ne1+ 38. Ke4 Rxg2 39. h3 Re2+ 40. Kd4 Nf3+
41. Kd3 Rh2 42. Nxa5 Rxh3 43. Nxc6 Rg3 44. Ke2 h3 45. Kf2 h2 46. Rb8 Nh4 0-1

[Event "AUTO-MASTER-218"]
[Site "http://www.queenalice.com/game.php?id=288978"]
[Date "2007.10.18"]
[Round "2"]
[White "smurilo"]
[Black "NinjaX"]
[Result "1-0"]
[WhiteElo "2303"]
[BlackElo "2221"]

1. c4 e5 2. Nc3 Nc6 3. Nf3 Nf6 4. g3 Bc5 5. Bg2 O-O 6. d3 d5 7. cxd5 Nxd5 8. O-O
Nxc3 9. bxc3 Qe7 10. d4 exd4 11. cxd4 Bb6 12. d5 Rd8 13. Qb3 Na5 14. Qd3 Bg4 15.
Ng5 g6 16. Qc3 f6 17. Ne4 Kf7 18. Bb2 Bxe2 19. Rfe1 1-0